« Retourner aux résultats de recherche
Love & lies
| Auteur principal: | Musawo Illustrateur |
|---|---|
| Support: | Livres |
| Langue: | Francais |
| Publié: |
DL 2017 Pika édition [Vanves] |
| Series: |
Love & lies |
| Genre: |
Bande Dessinée enfant ado |
| Collection: |
Shônen |
| Sujets: | |
| Étiquettes: |
Ajouter
Pas de Tags !
|
| LEADER | 01122nam0a2200229 450 | ||
|---|---|---|---|
| 001 | 16828120 | ||
| 010 | |a 978-2-8116-3086-7 |b br. |d 6,95 | ||
| 100 | |a 20170110d2026 u u0frey01 ba | ||
| 101 | 1 | |a fre |c jpn | |
| 102 | |a FR | ||
| 200 | 0 | |a Love & lies |f Musawo | |
| 207 | 1 | |a | |
| 210 | |a [Vanves] |c Pika édition |d DL 2017 | ||
| 215 | |a 1 vol. (178 p.) |c ill. |d 18 cm | ||
| 225 | 1 | |a Shônen |x 2100-2932 | |
| 300 | |a Trad. du japonais | ||
| 330 | |a ªBienvenue dans une société où tomber amoureux est interdit.ºYukari Nejima est amoureux de Takasaki.Takasaki aussi aime Yukari.Mais c'est Ririna Sanada qui a été désignée pour être la partenaire de Yukari dans la vie.Yûsuke Nisaka, lui, mène pour l'instant une existence solitaire. C'est l'ami de Yukari.Des sentiments amoureux qui jusque-là ne faisaient que se croiser sans jamais vraiment se rencontrer vont enfin s'enflammer. | ||
| 461 | 0 | |t Love & lies |v 2 | |
| 700 | 0 | |a Musawo |c Illustrateur |4 70 | |
| 900 | |a Bande Dessinée enfant ado | ||
| 901 | |a Accessible au prêt | ||
| 995 | |a Bibliothèque |c Bibliothèque |f 024018243 |h 024018243 |k BD MUS |o p |q j |r az |e Bibliothèque | ||
